000 00641nam a22001937a 4500
003 OSt
005 20260504161857.0
008 260504b |||||||| |||| 00| 0 eng d
020 _a9780544986619 Pbk. Np.
040 _aMMSU
_cULS
050 _aPE 1628 W43 2000 REF CASAT
110 _aWebster's New World Dictionaries
245 _aWebster's new world pocket dictionary /
_cWebster's New World Dictionaries ; Project editor Jonathan L. Goldman.
250 _aFourth edition.
260 _aBoston :
_bHoughton Mifflin Harcourt,
_c2000.
300 _a380 pages ;
_c15 cm.
650 _aEnglish language--Dictionaries.
942 _2lcc
_cBK
999 _c29059
_d29059